Il danno extracontrattuale: modelli e funzioni

Αποθηκεύτηκε σε:
Λεπτομέρειες βιβλιογραφικής εγγραφής
Κύριος συγγραφέας: Salvi, Cesare (Συγγραφέας)
Μορφή: Βιβλίο
Γλώσσα:Ιταλικά
Έκδοση: Nápoles Jovene 1985
Σειρά:Biblioteca di Diritto Privatto Ordinata da Pietro Rescigno, 31
Θέματα:
Ετικέτες: Προσθήκη ετικέτας
Δεν υπάρχουν, Καταχωρήστε ετικέτα πρώτοι!

MARC

LEADER 00000nam a2200000 a 4500
001 UCV2806
003 CL-VaPUC
008 921112e19850000IT |||||||||||||||||ita|d
082 0 4 |a 346.03  |b SAL  |2 21 
100 0 |a Salvi, Cesare  |e author  |9 297076 
245 1 3 |a Il danno extracontrattuale: modelli e funzioni 
300 |a 301 p 
942 |c BK 
945 |d 19921112 00:00:00 
260 |a Nápoles  |b Jovene  |c 1985 
650 7 |a DAÑOS Y PERJUICIOS  |2 CL-VaPUC  |9 297077 
651 0 |a Italia  |9 254949 
583 |a last modification  |c 19921112 00:00:00  |k Rodrigo Vera 
490 0 |a Biblioteca di Diritto Privatto Ordinata da Pietro Rescigno, 31 
999 |c 210293  |d 210291 
952 |0 0  |1 0  |4 0  |6 346_030000000000000_SAL_1985  |7 0  |8 A  |9 186412  |a BIBDER  |b BIBDER  |d 2019-11-14  |i 2538822  |l 2  |m 2  |o 346.03 SAL 1985  |p 2538822  |q 2025-12-31  |r 2021-10-11  |s 2021-10-11  |w 2019-11-14  |y BK  |k DER